Actas de Derecho Industrial y Derecho de Autor Tomo XXXIII (2013)

Detalles Bibliográficos
Formato: Libro
Lenguaje:español
Publicado: Madrid: Marcial Pons, 2013 -
Colección:Actas de Derecho Industrial y Derecho de Autor
Materias:
Acceso en línea:Acceso restringido

MARC

LEADER 00000nam a22000007a 4500
005 20150706174919.0
007 cr|||| ||||
008 150706c20139999sp ||||s |||| 0|||b1spa d
035 |a 12763 
040 |a vLex 
090 |c 5471  |d 5471 
130 0 |a Actas de Derecho Industrial y Derecho de Autor 
245 0 0 |a Actas de Derecho Industrial y Derecho de Autor  |h [Recurso electrn̤ico]  |n Tomo XXXIII (2013) 
256 |a Servicio en ln̕ea 
260 |a Madrid:  |b Marcial Pons,  |c 2013 -  
300 |a 1 recurso electrn̤ico 
310 |a T 2013- 
490 0 |a Actas de Derecho Industrial y Derecho de Autor 
506 1 |a Contenido disponible en los productos indicados  |d vLex Global  |d vLex Global (Academic Edition, excluding Law Schools)  |d vLex Global (U.S. Academic Edition, Law Schools)  |d vLex Global (U.S. Academic Edition, excluding Law Schools)  |d vLex Global (Academic Edition, Law Schools) 
650 0 4 |a Derecho industrial  |z Espaą 
650 0 4 |a Derechos de autor  |z Espaą 
740 0 |a vLex Libros (Servicio en ln̕ea) 
856 4 0 |u http://vlex.com/source/12763  |z Acceso restringido 
942 |c BOOK 
999 0 |a Copyright 
999 0 |a Industrial laws and legislation